Statistics for Famous Roberts Quiz

Click here to take the quiz!

General Stats

  • This quiz has been taken 29 times
  • The average score is 9 of 20

Answer Stats

CluePerson% Correct
Jamaican reggae singerBob Marley
93%
Taxi Driver, The Intern, Raging BullRobert De Niro
89%
Confederate generalRobert E. Lee
79%
Iron ManRobert Downey Jr.
75%
Iconic 1960's American singer-songwriterRobert Allen Zimmerman
64%
President of ZimbabweRobert Mugabe
64%
Led Zeppelin lead singerRobert Plant
61%
1960's US Attorney General and brother of US PresidentBobby Kennedy
54%
American poet in the early 20th centuryRobert Frost
54%
The Price is Right hostBob Barker
50%
Full House comedianBob Saget
39%
"Life is Beautiful" starRoberto Benigni
32%
The Joy of PaintingBob Ross
21%
Baylor University Heisman winnerRobert Griffin III
21%
Puerto Rican MLB player who died tragically in a plane crashRoberto Clemente
21%
American celebrity chefBobby Flay
14%
NBC sportscasterBob Costas
14%
Played Chris Traeger and Sodapop CurtisRob Lowe
14%
Founder of modern bacteriologyRobert Koch
7%
Former governor of West VirginiaBob Wise
4%

Score Distribution

Percentile by Number Answered

Percent of People with Each Score

Your Score History

You have not taken this quiz